Les stations de la ligne 1 du métro parisien - Mort subite - Statistiques

Statistiques générales
  • Ce quiz a été pris 98 fois
    80 depuis la dernière actualisation
  • Le résultat moyen est 12 sur 16
Answers on the Grid
Answers color-coded by a green-red scale on the quiz's grid according to % correct below.
Palais Royal - Musée du Louvre
Bibliothèque François Mitterrand
Reuilly - Diderot
Montgallet
Kléber
Gare de Lyon
George V
Porte de Champerret
Place Monge
Bérault
Saint-Lazare
Saint-Philippe-du-Roule
La Défense
Saint-Paul
Louvre - Rivoli
Pont Neuf
Pyramides
Pont de Neuilly
Rambuteau
Hôtel de Ville
Duroc
Franklin D. Roosevelt
Gallieni
Rosny-Bois-Perrier
Porte de Vincennes
Tuileries
Les Halles
Châtelet
République
Bercy
Saint-Mandé
Les Sablons
 
Statistiques - réponses
Réponse % Correct
La Défense
88%
George V
87%
Hôtel de Ville
83%
Châtelet
81%
Franklin D. Roosevelt
81%
Palais Royal - Musée du Louvre
81%
Louvre - Rivoli
79%
Saint-Paul
77%
Porte de Vincennes
73%
Tuileries
73%
Pont de Neuilly
71%
Gare de Lyon
67%
Les Sablons
67%
Reuilly - Diderot
67%
Bérault
65%
Saint-Mandé
65%
Aucun quiz correspondant
Distribution des résultats
% des personnes avec chaque résultat
Percentile par nombre de réponses
Votre historique - résultats
Vous n’avez pas pris ce quiz depuis la dernière actualisation